Name the 10 longest rivers in the world - Sudden Death - Statistics

General Stats
  • This quiz has been taken 26 times
  • The average score is 5 of 10
Answers on the Grid
Answers color-coded by a green-red scale on the quiz's grid according to % correct below.
Amazon
Rhine
Ob
Bermejo
Nile
Congo
Yangtze
Yenisei
Danube
Mississippi
Mekong
Amur
Yellow River
Volga
 
Answer Stats
Answer % Correct
Nile
100%
Amazon
90%
Mississippi
60%
Yangtze
55%
Congo
50%
Yellow River
50%
Yenisei
35%
Mekong
25%
Ob
25%
Amur
20%
No matching quizzes found
Score Distribution
Percent of People with Each Score
Percentile by Number Answered
Your Score History
You have not taken this quiz